guess this Taylor Swift song no hints ✨ - Statistics

General Stats
  • This quiz has been taken 14 times
  • The average score is 246 of 403
Answer Stats
Answer % Correct
a
100%
I
92%
you
92%
me
85%
the
85%
your
85%
Your
85%
and
77%
And
77%
be
77%
But
77%
but
77%
can
77%
do
77%
in
77%
it
77%
kiss
77%
love
77%
on
77%
so
77%
So
77%
to
77%
why
77%
day
69%
don't
69%
I'm
69%
is
69%
remember
69%
that
69%
when
69%
where
69%
you're
69%
all
62%
face
62%
have
62%
I'll
62%
just
62%
Just
62%
know
62%
last
62%
look
62%
my
62%
not
62%
of
62%
still
62%
then
62%
this
62%
us
62%
was
62%
with
62%
you'll
62%
at
54%
end
54%
eyes
54%
feel
54%
for
54%
go
54%
how
54%
I'd
54%
it's
54%
keep
54%
life
54%
like
54%
never
54%
Never
54%
now
54%
sleep
54%
something
54%
thought
54%
time
54%
used
54%
you'd
54%
are
46%
away
46%
did
46%
had
46%
hands
46%
heart
46%
loved
46%
middle
46%
miss
46%
our
46%
party
46%
pull
46%
them
46%
up
46%
we'd
46%
beat
38%
Because
38%
breathe
38%
change
38%
changing
38%
forget
38%
friends
38%
imagined
38%
lips
38%
mind
38%
nice
38%
off
38%
old
38%
pictures
38%
recall
38%
saying
38%
sit
38%
there's
38%
those
38%
told
38%
walk
38%
watch
38%
again
31%
arms
31%
ask
31%
clothes
31%
dancing
31%
floor
31%
forever
31%
Forever
31%
Hope
31%
hope
31%
interruptions
31%
July
31%
lit
31%
much
31%
name
31%
ninth
31%
plan
31%
planned
31%
pockets
31%
roll
31%
rude
31%
shirt
31%
showing
31%
smell
31%
sun
31%
swing
31%
through
31%
wearing
31%
weather
31%
wish
31%
1:58
23%
beautiful
23%
darkness
23%
father
23%
fresh
23%
handshake
23%
jumps
23%
meeting
23%
pavement
23%
rain
23%
ran
23%
reminds
23%
shines
23%
stayed
23%
step
23%
whispered
23%
words
23%
plane
15%
No matching quizzes found
Score Distribution
Percent of People with Each Score
Percentile by Number Answered
Your Score History
You have not taken this quiz